A history of Chinese civilization /

Bibliographic Details
Main Author: Gernet, Jacques
Format: Book
Language:English
French
Published: Cambridge [Cambridgeshire] ; New York : Cambridge University Press, 1982.
Subjects:

MARC

Tag First Indicator Second Indicator Subfields
LEADER 00000pam a2200000 a 4500
001 in00000092988
005 20150923173448.0
008 810604s1982 enka b 00110 eng
010 |a  81010006  
020 |a 0521241308 (U.S.) 
035 |a (OCoLC)07577985 
035 |9 AAK8009AM 
039 0 |a 2  |b 3  |c 3  |d 3  |e 3 
040 |a DLC  |c DLC  |d TXA  |d UtOrBLW 
041 1 |a eng  |a fre 
043 |a a-cc--- 
049 |a TXAM  |c [1655883] 
050 0 0 |a DS721  |b  G3913 1982 
082 0 |a 951  |2 19 
100 1 |a Gernet, Jacques. 
240 1 0 |a Monde chinois.  |l English 
245 1 2 |a A history of Chinese civilization /  |c Jacques Gernet ; translated by J.R. Foster. 
264 1 |a Cambridge [Cambridgeshire] ;  |a New York :  |b Cambridge University Press,  |c 1982. 
300 |a xxiii, 772 pages :  |b illustrations ;  |c 23 cm. 
336 |a text  |b txt  |2 rdacontent 
337 |a unmediated  |b n  |2 rdamedia 
338 |a volume  |b nc  |2 rdacarrier 
500 |a Translation of: Le monde chinois. 
500 |a Includes index. 
504 |a Bibliography: pages [736]-757. 
651 0 |a China  |x Civilization. 
999 |a MARS 
999 f f |s 1f1fc773-54e1-3892-a3fd-d026b7f61e97  |i 7b4afd07-435b-3937-8aac-bb3bbcf10c0a  |t 0 
952 f f |p normal  |a Texas A&M University  |b College Station  |c Sterling C. Evans Library  |d Evans: Library Stacks  |t 0  |e DS721 G3913 1982  |h Library of Congress classification  |i unmediated -- volume  |m A14806013951 
998 f f |a DS721 G3913 1982  |t 0  |l Evans: Library Stacks